Χρήσεις γης και συγκρούσεις : οι συγκρούσεις μεταξύ της τουριστικής ανάπτυξης και της εξορυκτικής δραστηριότητας στην περιοχή της Κιμώλου Κυκλάδων : μεταπτυχιακή διατριβή

Αποθηκεύτηκε σε:
Λεπτομέρειες βιβλιογραφικής εγγραφής
Κύριος συγγραφέας: Καλούδη, Βερόνικα
Συγγραφή απο Οργανισμό/Αρχή: Πανεπιστήμιο Αιγαίου Σχολή Επιστημών της Διοίκησης Τμήμα Διοίκησης Επιχειρήσεων Πρόγραμμα Μεταπτυχιακών Σπουδών "Σχεδιασμός, Διοίκηση και Πολιτική του Τουρισμού"
Άλλοι συγγραφείς: Papatheodorou, Andreas, 1974- (Εισηγητής διατριβής)
Μορφή: Thesis Βιβλίο
Γλώσσα:Greek
Δημοσίευση: 2013
Θέματα:
Διαθέσιμο Online:http://hdl.handle.net/11610/11389
Ετικέτες: Προσθήκη ετικέτας
Δεν υπάρχουν, Καταχωρήστε ετικέτα πρώτοι!

MARC

LEADER 00000cam a2200000 i 4500
001 1/51452
008 140710s2013 gre d
035 |l 10118332 
040 |a GR-MY-UA  |b gre  |e aacr 
041 0 |a gre 
082 0 |a 333.73  |2 (23) 
100 0 |a Καλούδη, Βερόνικα. 
245 1 0 |a Χρήσεις γης και συγκρούσεις :  |b οι συγκρούσεις μεταξύ της τουριστικής ανάπτυξης και της εξορυκτικής δραστηριότητας στην περιοχή της Κιμώλου Κυκλάδων : μεταπτυχιακή διατριβή /  |c Βερόνικα Καλούδη ; επιβλέπων καθηγητής: Ανδρέας Παπαπθεοδώρου 
260 |c 2013 
300 |a 124 σ.;  |b πίν., διαγρ.;  |c 30 εκ. 
502 # # |a Διατριβή (μεταπτυχιακή) – Πανεπιστήμιο Αιγαίου, Χίος, 2013. 
504 |a Βιβλιογραφία: σ.121-123 
650 0 0 |a Land use  |z Greece  |z Cyclades. 
650 0 0 |a Sustainability  |z Greece  |z Cyclades. 
650 0 0 |a Mines and mineral resources  |z Greece  |z Cyclades. 
650 0 0 |a Dissertations, Academic  |z Greece. 
650 0 0 |a Tourism  |z Greece  |z Cyclades. 
700 1 |4 ths  |a Papatheodorou, Andreas,   |d 1974- 
710 2 |a Πανεπιστήμιο Αιγαίου  |b Σχολή Επιστημών της Διοίκησης  |b Τμήμα Διοίκησης Επιχειρήσεων  |b Πρόγραμμα Μεταπτυχιακών Σπουδών "Σχεδιασμός, Διοίκηση και Πολιτική του Τουρισμού". 
852 |a INST  |b CHIOS  |c DIATR  |e 20140710  |h 333.73 ΚΑΛ  |p 005200036182  |q 005200036182  |t MTXE  |y 23 
852 |a INST  |b CHIOS  |c DIATR  |e 20140710  |h 333.73 ΚΑΛ  |p 005200036183  |q 005200036183  |t MTXE  |y 23 
856 |u http://hdl.handle.net/11610/11389 
901 |a BIBL2-2014-2 
909 |a Χ  |b 180589 
909 |a Χ  |b 180590 
924 |a ΚΑΛΟΥΔΗ  |b ΒΕΡΟΝΙΚΑ  |y ΧΙΟΣ  |z 2013-11 
970 |a ΣΑΛΑΜΟΥΡΑ  |b ΜΑΡΙΑ  |z 2014/07/10